ห้องสมุดวิทยาลัยพยาบาลบรมราชชนนี ตรัง
Boromarajonani College Of Nursing,Trang Library
เปลี่ยนเป็นภาษาไทย

Change to English
 แสดงรายละเอียดบรรณานุกรม
  กลับหน้าหลัก

Brief Record : Get Marc (ISO 2709) : E-mail record : QR code ปิดหน้าต่าง
หนังสือใหม่ : เกี่ยวกับ Collections
LEADER 00000nam 2200000uu 4500
001    13399123913
003     BCNT
008    260701s||||||||th 000 0 tha d
020    9786166210521
060  4 WA105 ท443ว 2568
082 0  WA105 ท443ว 2568
100 0  ^aทิตยาวดี อินทรางกูร.
245 0   ^aวิทยาการระบาดทางการพยาบาล :^bทฤษฎีและการประยุกต์ใช้ /^cทิตยาวดี อินทรางกูร.
246 1   ^aทฤษฎีและการประยุกต์ใช้.
250    ^aพิมพ์ครั้งที่ 1.
260    ^aกรุงเทพฯ :^bศูนย์หนังสือแห่งจุฬาลงกรณ์มหาวิทยาลัย, ^c2568.
300    ^a311 หน้า :^bภาพประกอบ, ตาราง ;^c26 ซม.
610    ^aการพยาบาลอนามัยชุมชน.
650  4 ^aการพยาบาล.
999    ^aparamin
รายการนี้ยังไม่มีแท็ก
คุณยังไม่ได้ล็อกอิน คุณสามารถมีกิจกรรมร่วมกับเว็บไซต์ได้ แต่ต้องล็อกอินก่อน ::
  ล็อกอิน
ลำดับที่ ประเภท เลขเรียก สถานที่ สถานะ
1. หนังสือ
หนังสือ
WA105 ท443ว 2568 c.1 
  
ห้องสมุดสาขาหลัก
►ระบบ NLM
On Shelf
2. หนังสือ
หนังสือ
WA105 ท443ว 2568 c.2 
  
ห้องสมุดสาขาหลัก
►ระบบ NLM
On Shelf
3. หนังสือ
หนังสือ
WA105 ท443ว 2568 c.3 
  
ห้องสมุดสาขาหลัก
►ระบบ NLM
On Shelf
4. หนังสือ
หนังสือ
WA105 ท443ว 2568 c.4 
  
ห้องสมุดสาขาหลัก
►ระบบ NLM
On Shelf
5. หนังสือ
หนังสือ
WA105 ท443ว 2568 c.5 
  
ห้องสมุดสาขาหลัก
►ระบบ NLM
On Shelf
   [แสดง 5/5 รายการ]

รายการใกล้เคียง
    หัวเรื่อง [การพยาบาล.]

BibComment


ยังไม่เคยถูกคอมเมนท์

คอมเมนท์ทรัพยากรรายการนี้
  คอมเมนท์: วิทยาการระบาดทา..
Bib 13399123913

 
 
 

 Union Library Management : ULibM
Copyright 2026. All Rights Reserved.